00262nam a2200097Ia 4500001000800000005001700008008004100025020001800066245006100084260001900145127590220260417160437.0260417s9999 xx 000 0 und d a9786257303231 0aYıldızlar Neden Kafamıza Düşmez?cFederico Taddia bKetebe Çocuk